| 000 | 00767nam a2200277 i 4500 | ||
|---|---|---|---|
| 001 | bg | ||
| 100 | 1 | _aKWASOWIEC, Włodzimierz | |
| 245 | 1 | 0 |
_aWprowadzenie do Object Pascal i Delphi / _cWłodzimierz Kwasowiec. |
| 260 |
_aWarszawa : _b"Mikom", _c2002. |
||
| 300 |
_a225 s. : _bil. ; _c24 cm. |
||
| 490 | 1 | _aBP | |
| 504 | _aBibliogr. Indeks. | ||
| 521 | _aDla szerokiego kręgu czytelników. | ||
| 650 | 9 | _aDelphi | |
| 650 | 9 | _aPASCAL | |
| 655 | _aPodręczniki | ||
| 830 | _aBP | ||
| 020 | _a8372792852 | ||
| 040 | _cBPK | ||
| 041 | 0 | _apol | |
| 080 | _a004.438A/Z:004.42](07) | ||
| 920 | _a83-7279-285-2 | ||
| 942 | _cKS | ||
| 008 | s pl f |000 0 pol | ||
| 999 |
_c43358 _d43358 |
||
| 856 |
_uhttp://koha.tu.koszalin.pl/cgi-bin/koha/opac-detail.pl?biblionumber=43358 _yKatalog online BPK |
||